000 00430nam a2200181Ia 4500
005 20240625025747.0
008 240331s9999 xx 000 0 und d
082 _a100
_bKOV
100 _aKovoor, Abraham
245 0 _aGods demons and spirits
250 _a3rd
260 _aBombay
_bJaico Publishing House
_c1990
300 _axiv, 259 p.,
650 _aCulture
650 _aRationalist
650 _aReligion
942 _cL
999 _c685
_d685